000 01424nam0a2200349 4500
001 RU\NLR\BIBL_A\012369426
005 20260408215625.0
010 _a978-5-88875-771-0
021 _aRU
_b2020-33454
_9КН-П-2562
035 _a(RuMoRGB)010357562
035 _a(NLR Aleph) 012369426
090 _a11569274
_c11569274
100 _a20201005d2020 |||y0rusy50 ca
101 1 _arus
_ceng
102 _aRU
105 _aa|||z|||000zy
181 0 _ai
_baxxe
182 0 _an
200 1 _aКристальные ангелы 444. Исцеление Божественной Силой Неба и Земли
_fАлана Фэрчайлд
_g[перевод с английского Виктор Дроздов]
203 _aТекст
_bвизуальный
_cнепосредственный
210 _aМосква
_cВелигор
_d2020
215 _a421 с., [12] л. цв. ил.
_cил.
_d22
300 _aНа с. 420 авт.: А. Фэрчайлд - Божеств. голосовой канал и целитель
517 1 _aИсцеление Божественной Силой Неба и Земли
606 _aСамоцветы
_xМагическое применение
_3RU\NLR\AUTH\6601751770
_92663743
686 1 _aЭ240.27
700 1 _aФэрчайлд
_bА.
_gАлана
942 _cBOOK
980 _aNBR
980 _aNB